Living together now and long ago / (Record no. 1693)

MARC details
000 -LEADER
fixed length control field 00581nam a2200193 a 4500
003 - CONTROL NUMBER IDENTIFIER
control field BD-DhJNU
005 - DATE AND TIME OF LATEST TRANSACTION
control field 20250514041852.0
008 - FIXED-LENGTH DATA ELEMENTS--GENERAL INFORMATION
fixed length control field 821202s1953 nyua 000 0 eng
040 ## - CATALOGING SOURCE
Original cataloging agency BD-DhJNU
Language of cataloging ENG
Transcribing agency BD-DhJNU
Modifying agency BD-DhJNU
082 00 - DEWEY DECIMAL CLASSIFICATION NUMBER
Classification number 307 CUL
Edition number 23
100 1# - MAIN ENTRY--PERSONAL NAME
Personal name Cutright, Prudence
245 10 - TITLE STATEMENT
Title Living together now and long ago /
Statement of responsibility, etc. Prudence Cutright, W. W. Charters and Bernice Newell
260 ## - PUBLICATION, DISTRIBUTION, ETC.
Place of publication, distribution, etc. New York :
Name of publisher, distributor, etc. The Macmillan Company,
Date of publication, distribution, etc. 1953.
300 ## - PHYSICAL DESCRIPTION
Extent 298 p. :
Other physical details ill. ;
Dimensions 22 cm.
650 #0 - SUBJECT ADDED ENTRY--TOPICAL TERM
Topical term or geographic name entry element Readers
700 1# - ADDED ENTRY--PERSONAL NAME
Personal name Charters, W. W.
700 1# - ADDED ENTRY--PERSONAL NAME
Personal name Newell, Bernice
942 ## - ADDED ENTRY ELEMENTS (KOHA)
Koha item type Books
Holdings
Withdrawn status Lost status Source of classification or shelving scheme Damaged status Not for loan Collection Home library Current library Shelving location Date acquired Source of acquisition Total checkouts Full call number Barcode Date last seen Copy number Price effective from Koha item type
    Dewey Decimal Classification     Non-fiction Jagannath University Central Library Jagannath University Central Library General stacks 05/14/2025 Purchased   307 CUL JNUCL8665 05/14/2025 1 05/14/2025 Books